00481nam a22001337a 4500003000700000005001700007008004100024082002500065100007100090245008500161260006700246300000800313650002600321MPLRDC20220104142802.0210129b ||||| |||| 00| 0 eng d a051.4 K1XR v.21 1984 a吉隆坡循人中学高中第廿一届毕业特刊编辑委员会 a一九八四年吉隆坡循人中学高第廿一初中第廿八届毕业特刊c ab吉隆坡循人中学高中第廿一届毕业筹委会c1984 b精 a学术纪要、学刊